Job descriptions for industrial service and maintenance jobs. (Record no. 36368)

MARC details
000 -LEADER
fixed length control field 01037cam a22002651 4500
001 - CONTROL NUMBER
control field l 41000065
003 - CONTROL NUMBER IDENTIFIER
control field DLC
005 - DATE AND TIME OF LATEST TRANSACTION
control field 20260227111537.0
008 - FIXED-LENGTH DATA ELEMENTS--GENERAL INFORMATION
fixed length control field 780427s1939 xx 000 0 eng c
010 ## - LIBRARY OF CONGRESS CONTROL NUMBER
LC control number l 41000065
035 ## - SYSTEM CONTROL NUMBER
System control number (OCoLC)3834635
040 ## - CATALOGING SOURCE
Original cataloging agency U.S. Dept. of labor. Libr.
Transcribing agency OT
Modifying agency DLC
042 ## - AUTHENTICATION CODE
Authentication code premarc
050 00 - LIBRARY OF CONGRESS CALL NUMBER
Classification number TT23
Item number .A5 1939
082 ## - DEWEY DECIMAL CLASSIFICATION NUMBER
Classification number 658.2069
110 2# - MAIN ENTRY--CORPORATE NAME
Corporate name or jurisdiction name as entry element United States Employment Service
245 10 - TITLE STATEMENT
Title Job descriptions for industrial service and maintenance jobs.
Statement of responsibility, etc. Prepared by the Job analysis and information section, Division of standards and research. June 1939. United States Department of labor, Frances Perkins, secretary. United States Employment service, William H. Stead, chief executive officer.
260 ## - PUBLICATION, DISTRIBUTION, ETC.
Place of publication, distribution, etc. Washington,
Name of publisher, distributor, etc. U.S. Govt. print. off.,
Date of publication, distribution, etc. 1939.
300 ## - PHYSICAL DESCRIPTION
Extent xxi, 265 p.
Dimensions 23 x 18 cm.
500 ## - GENERAL NOTE
General note "Glossary": p. 245-250.
504 ## - BIBLIOGRAPHY, ETC. NOTE
Bibliography, etc. note Bibliography: p. xxi.
650 #0 - SUBJECT ADDED ENTRY--TOPICAL TERM
Topical term or geographic name entry element Industrial arts.
650 #0 - SUBJECT ADDED ENTRY--TOPICAL TERM
Topical term or geographic name entry element Occupations.
740 0# - ADDED ENTRY--UNCONTROLLED RELATED/ANALYTICAL TITLE
Uncontrolled related/analytical title Industrial service and maintenance jobs.

No items available.

Powered by Koha